| 000 | 00958nas a2200313 4500 | ||
|---|---|---|---|
| 001 | BR2012006436 | ||
| 003 | BR-BrBNA | ||
| 005 | 20231205121043.0 | ||
| 007 | ta | ||
| 008 | 230509b bl.|||p| |||| 00| 00por d | ||
| 040 |
_aBR-BrBNA _bpor _cBiblioteca Nacional de Agricultura |
||
| 041 | _a(Pt) | ||
| 072 | _aF50; K10 | ||
| 100 | 1 | _aLongui, E.L. | |
| 100 | 1 | _aLima, I.L. de | |
| 100 | 1 | _aFlorsheim, S.M.B. | |
| 100 | 1 | _aMelo, A.C.G. de | |
| 100 | 1 | _aRomeiro, D. | |
| 100 | 1 | _aSuckow, I.M.S. | |
| 100 | 1 | _aTestoni, L.N. | |
| 245 | 1 | _aEstrutura do lenho de Plathymenia reticulata e algumas implicações na eficiência hidráulica e resistência mecânica | |
| 650 | _aAMARELINHO | ||
| 650 | _aÁRVORE ANGIOSPERMA | ||
| 650 | _aMADEIRA | ||
| 650 | _aANATOMIA VEGETAL | ||
| 773 | 0 |
_tFloresta (Brazil) _xISSN 0015-3826 _g(Apr-Jun 2012), v. 42(2) p. 335-346 _wBR2012006436 |
|
| 909 |
_a202311 _bLúcia _c55 _dLúcia Elande |
||
| 942 |
_2AGRIS _n0 _cANA |
||
| 999 |
_c221622 _d221622 |
||